MDQL
is popping MORE tags! Check the
thread
!
Quizzes
Events
Quiz Creation
Community
Videos
Private Events
Remove Ads
Sign In
Join for FREE
Feedback
Dark Mode
Quiz Categories
Sports
Geography
Music
Movies
Television
Just For Fun
Miscellaneous
History
Literature
Language
Science
Gaming
Entertainment
Religion
Holiday
For Kids
Quiz Lab
Recent
Popular Today
Quiz Kudos Today
Editor Picks
Curator Picks
Quizzes by...
Day
Popularity
Type
Ratings
Length
Year
Community
Subscriptions
Recent Discussions
Orange Saloon
Badges
Playlists
Quests
Create
Leaderboards
Showdown
Live 5
Trivia Bingo
Activity
Puzzle Library
Sporcle Events
Private Events
Virtual Trivia
Globe League
Become a Host
Pub Owners
SporcleCon
Opinionation
Our Games
Videos
Blog
Mobile Apps
Partnerships
Remove Ads and Go Orange
Feedback
Literature
Harry Potter
A Song of Ice and Fire
The Hunger Games
Literary Character
Shakespeare
Book
Author
Novel
Poem
Young Adult
Children's Books
Play
Lord of the Rings
Literature
Harry Potter
A Song of Ice and Fire
The Hunger Games
Literary Character
Shakespeare
Book
Author
Novel
Poem
Young Adult
Children's Books
Play
Lord of the Rings
Random Quiz
Search Sporcle
×
Quiz Lab
Quiz Lab
Literature
Book
Type in answers that appear in a list
Type in answers that appear in a list
Classic
Best Score? Go Orange.
Harry Potter Families Stats
Can you name the Harry Potter Families?
By
eaglesfan20
4m
51 Questions
466 Plays
466 Plays
466 Plays
Comments
Comments
Give Quiz Kudos
Give Quiz Kudos
-
- Ratings
hide this ad
More Info
Replay
Link that replays current quiz
Next Quiz
Link to next quiz in quiz playlist
You Got
0%
They Got
Avg Score
79%
Avg Friend Score
Upgrade to see
Score Distribution
Jump to the score distribution portion of the page
Score
0/51
Timer
04:00
0
Plays Today
% Correct
Harry
98.5%
Lily
97.6%
James
97.4%
Ginny
97.2%
Molly
96.6%
Ron
96.4%
Fred
96.4%
George
96.1%
Percy
95.9%
Arthur
95.7%
Bill
95.7%
Charlie
95.5%
Draco
93.8%
Vernon
92.7%
Dudley
92.3%
Lucius
91.4%
Petunia
91.2%
Albus
90.8%
Sirius
90.6%
Narcissa
90.1%
Majorie
89.7%
Luna
86.5%
Neville
86.1%
Cedric
84.3%
Ariana
81.8%
Amos
81.8%
% Correct
Alice
81.3%
Aberforth
80.5%
Frank
80.5%
Regulus Arcturus
80%
Rose Weasley
79%
Kendra
77.7%
Hugo Weasley
76.2%
Xenophilius
76%
Scorpius Hyperion Malfoy
74.3%
Augusta (gran)
74%
Albus Severus Potter
73.8%
James Sirius Potter
73.6%
Lily Luna Potter
71.9%
Teddy Remus Lupin
71.5%
Percival
71%
Ignotus
66.3%
Phineas Nigellus
64.2%
Bellatrix Lestrange
62.7%
Abraxas
61.6%
Cadmus
61.4%
Victoire Weasley
60.6%
Antioch
56.4%
Orion
55.6%
Walburga
54.9%
Arcturus
35.8%
Quiz Playlist
Details
Report
Send in Message
Add To Playlist
More Info:
* only from the 7th book/movie
Classic:
Type in answers that appear in a list
Last Updated: Feb 16, 2017
Quiz Scoreboard
CHALLENGE
Sign Up to Join the Scoreboard
Show All
Scores
Hide
Comments
May contain spoilers
Recently Published
Two Season TV Shows II
by 123Four
Television
10m
Image Sorting: Flags VI
by Barbecue
Geography
2m
Find the 'City' Movie
by crazypaving
Movies
60s
More to Explore
Quiz From the Vault
Featured Blog Post
14 Easter Pick-up Lines to Find Eggs With
hide this ad
You Might Also Like...
Tags
Book Quiz
Harry Potter Quiz
Wizard
Wizarding Families
Wizard People
Today's Top Quizzes in Literature
Browse Literature
hide this ad
Today's Top Quizzes in Book
Browse Book
Top Contributed Quizzes in Literature
1
Sneaky Slytherin Logic Puzzle
2
Criteria Quiz: Harry Potter Deaths
3
Harry Potter logic puzzle: The Hogwarts Soap Opera
4
Weasley Family Reunion: Logic Puzzle
5
Get The Picture: Black or White Literature
6
'Middle' Earth
7
Harry Potter Slytherin Logic Puzzle
8
Logic Puzzle: Avoid Dumbledore's Army
9
ASOIAF Siblings Logic Puzzle
10
The Men of ASOIAF - Logic Puzzle (Hard)
Explore More
Trending Topics
Crossword
NBA
Anime
Harry Potter
Kpop
Marvel
Disney
NFL
Soccer
The Office
Song
Country
WWE
Puzzle
Pokémon
hide this ad
More By:
eaglesfan20
Quiz
Plays
Rating
Category
Featured
Created
Harry Potter Families
466
3.50
Literature
Jul 7, 2012
Go to Creator's Profile
Score Distribution
Quiz Creator Spotlight
eaglesfan20
Follow
Send a Message
Quizzes Created
-
Created Quiz Play Count
-
More By This Creator
Popular Quizzes Today
1
Find the US States - No Outlines Minefield
2
Colored Red Africa Blitz
3
Find the 'City' Movie
4
5x2 Blitz: Bands
5
The Countries of the World
6
Find the Countries of Europe - No Outlines Minefield
7
Find the US States
8
US States
More Literature Quizzes
Not What it Sounds Like: Plays
Editor's Pick
Trending Quizzes
Colored Red Europe Blitz I
Colored Red Africa Blitz II
Colored Red Europe Blitz II
Colored Red Africa Blitz III
Colored Red Europe Blitz III
Recently Updated
How Do You Spell That?
pecheneg
Godzilla Movies
pecheneg
Grab Bag: 4-10 Letters
pecheneg
2024 March Madness Bracket
pecheneg
Famous TV Couples
Peacemaker
Champions League XIs: Real Madrid
pecheneg
Largest US Cities 1790-2010
pecheneg
Rides in Walt Disney World
pecheneg
Most Oscar Losses (Acting)
pecheneg
Beyoncé Albums
pecheneg
Trending Topics
Marvel
NBA
Kpop
Crossword
Anime
Disney
Harry Potter
Pokémon
Song
Puzzle
WWE
Soccer
Country
The Office
NFL
Your Account Isn't Verified!
In order to create a playlist on Sporcle, you need to verify the email address you used during registration. Go to your
Sporcle Settings
to finish the process.
Report this User
Report this user for behavior that violates our
Community Guidelines
.
Details:
Send Report
Go to the Sporcle.com Mobile Site →
Comments